000 00519nam a2200181 i 4500
001 31240
003 ES-MaACL
005 20231111062524.0
007 t|
008 030128s1931 uy |||| | spa d
100 1 _aBenavente, Manuel.
_927445
245 1 0 _aLetras de España /
_cManuel Benavente.
260 _aPaysandú (Uruguay) :
_bMartín Vilanova,
_c1931.
300 _a76 p. ;
_c19 cm.
650 4 _aLiteratura española-
_xHistoria y crítica
_914560
852 _aES-MaACL
_jB-12586
999 _c31240
_d31240